Culture Générale - Série 2517 - Statistiques

Statistiques générales
  • Ce quiz a été pris 120 fois
  • Le résultat moyen est 4 sur 10
Statistiques - réponses
Question Réponse % Correct
Comment appelle-t-on la hausse générale des prix ? inflation
92%
Dans quel art s'est illustré Vassily Kandinsky (1866-1944) ? peinture
90%
Impôt royal sur le sel ayant existé en France au Moyen Âge et à l'époque moderne gabelle
65%
De quelle ville Tenochtitlan était-il le nom aztèque ? Mexico
63%
"George Dandin ou le Mari confondu" est une comédie-ballet en trois actes, créée en 1668, par.... Molière
47%
Dans quelle discipline s'est illustré Rembrandt Annibale Bugatti (1884-1916),frère cadet d'Ettore Bugatti, fondateur de la marque Bugatti en 1909 et le fils du créateur italien Carlo Bugatti ? sculpture
22%
Quel peintre s'est engagé dans le mouvement révolutionnaire de la Commune de Paris en 1871 ? Gustave Courbet
15%
"Le Tombeau de Couperin" est une suite pour piano composée entre avril 1914 et 1917 par .... voir photo Maurice Ravel
15%
Comment s'appelle le héros scandinave de la Tétralogie (l'Anneau du Nibelung) de Richard Wagner ? Siegfried
11%
Qu'appelle-t-on "boustrophédon" : procédé archaïque utilisé par les orientaux et les Grecs (on observe son utilisation chez l'enfant ainsi que chez certains malades mentaux) ? écriture
9%
Aucun quiz correspondant
Distribution des résultats
% des personnes avec chaque résultat
Percentile par nombre de réponses
Votre historique - résultats
Vous n’avez pas pris ce quiz